Ping Bo'enshitan di zhe xue si xiang /
Saved in:
| Main Author: | |
|---|---|
| Other Authors: | , |
| Format: | Book |
| Language: | Chinese |
| Published: |
Shanghai :
Shanghai ren min chu ban she : Xin hua shu dian Shanghai fa xing suo fa xing,
1981.
|
| Edition: | Di 1 ban |
| Subjects: | |
| Tags: |
Add Tag
No Tags, Be the first to tag this record!
|
| LEADER | 01270cam a2200337 a 4500 | ||
|---|---|---|---|
| 001 | 007735520-2 | ||
| 005 | 20024617103528.0 | ||
| 008 | 840322s1981 cc b 000 0 chi | ||
| 010 | |a 82129119 /ACN | ||
| 035 | 0 | |a ocm16874349 | |
| 040 | |a DLC |c DLC |d *YNH* |d CStRLIN | ||
| 050 | 0 | |a HX276.B7 |b L5 1981 | |
| 100 | 1 | |6 880-01 |a Li, Jiazhong. | |
| 245 | 1 | 0 | |6 880-02 |a Ping Bo'enshitan di zhe xue si xiang / |c Li Jiazhong, Zhang Guojun, Zhang Wei. |
| 250 | |6 880-03 |a Di 1 ban | ||
| 260 | |6 880-04 |a Shanghai : |b Shanghai ren min chu ban she : |b Xin hua shu dian Shanghai fa xing suo fa xing, |c 1981. | ||
| 300 | |a 2, 106 p. ; |c 19 cm. | ||
| 500 | |a Cover title also in pinyin: Ping Boenshitan de zhexue sixiang. | ||
| 504 | |a Includes bibliographical references. | ||
| 600 | 1 | 0 | |a Bernstein, Eduard, |d 1850-1932. |
| 700 | 1 | |6 880-05 |a Zhang, Guojun. | |
| 700 | 1 | |6 880-06 |a Zhang, Wei. | |
| 740 | 0 | |a Ping Boenshitan de zhexue sixiang. | |
| 880 | 1 | |6 100-01 |a 李家钟. | |
| 880 | 1 | 0 | |6 245-02 |a 評伯恩施坦的哲学思想 / |c 李家钟, 张国钧, 张伟. |
| 880 | |6 250-03 |a 第1版. | ||
| 880 | |6 260-04 |a 上海 : |b 上海人民出版社 : |b 新華書店上海发行所发行, |c 1981. | ||
| 880 | 1 | |6 700-05 |a 张国鈞. | |
| 880 | 1 | |6 700-06 |a 张伟. | |
| 988 | |a 20021127 | ||
| 906 | |0 DLC | ||


